000 006940000a22002050004500
001 012031
005 20250617120323.0
008 130501t xxu||||| |||| 00| 0 eng d
020 _a0865543623
082 _a174 VAL
090 _c12031
_d12031
245 _aValues in teaching and professional ethics /
_cEdited by Carlton T. Mitchell
260 _aMacon : Mercer University Press
_c1989
300 _aix, 158 p. :
_c28 cm.
500 _aIncludes bibliographical references
650 _aEthics - study and teaching (higher) - United States
_913724
650 _aProffessional ethics -United States
_913725
700 _aCarlton T. Mitchell
_bSeries Editor
_913726
942 _cBOOK
_2ddc
_01
999 _c12031
_d12031